| 000 | 00637nam a2200241Ia 4500 | ||
|---|---|---|---|
| 003 | OSt | ||
| 005 | 20221007064537.0 | ||
| 006 | a|||||r|||| 00| 0 | ||
| 007 | ta | ||
| 008 | 221006b |||||||| |||| 00| 0 eng d | ||
| 024 | _a15,795 | ||
| 037 | _cReports / Technical Reports | ||
| 040 |
_aFLL _cFLL _beng |
||
| 041 |
_2eng _aeng |
||
| 082 | _aX71.N75, L5 | ||
| 110 | _aGovt. of India | ||
| 245 | 0 | _aBudget 1974-1975 | |
| 260 |
_aDelhi _bGovt. of India Press India _c1965 |
||
| 300 |
_a136p _ccm. |
||
| 700 | _aGovt. of India | ||
| 942 |
_hX71.N75, L5 _cREP _2CC |
||
| 999 |
_c1134413 _d1134413 |
||